00206 a2200109 4500001000700000020000600007040001100013100001800024240002500042245002000067362000900087176468 a  cMagnum aRoque, Anibal10aPlumas ao ventolpor10aPlumas ao vento0 a1899